000 00528cam a22001577a 4500
008 180718b2008 xxu||||| |||| 00| 0 eng d
020 _a9780415464734
082 _aY15 B645
245 _aMarket-led agrarian reform: critical perspectives on neoliberal land policies and the rural poor
_cedited by Saturnino M. Borras, Cristobal Kay and Edward Lahiff
260 _aOxon
_bRoutledge
_c2008
300 _a213p.
650 _aLand reform
700 _aLahiff, Edward
700 _aKay, Cristobal
700 _aBorras, Saturnino M.
999 _c418083
_d418083